LIBRARY & INFORMATION CENTRE, KCAET, TAVANUR

ONLINE PUBLIC ACCESS CATALOGUE (OPAC)

Recommendation for lighting,ventilation and other facilities inside dams,IS:9297-1979 / (Record no. 4655)

MARC details
000 -LEADER
fixed length control field 00974cam a2200157ua 4500
041 ## - LANGUAGE CODE
Language code of text/sound track or separate title eng
082 ## - DEWEY DECIMAL CLASSIFICATION NUMBER
Classification number 696.6
Item number IND/RE
245 ## - TITLE STATEMENT
Title Recommendation for lighting,ventilation and other facilities inside dams,IS:9297-1979 /
250 ## - EDITION STATEMENT
Edition statement 1 /
260 ## - PUBLICATION, DISTRIBUTION, ETC. (IMPRINT)
Place of publication New Delhi :
Name of publisher Indian standards institution ,
Year of publication 1980.
300 ## - PHYSICAL DESCRIPTION
Number of Pages 10 ; .
942 ## - ADDED ENTRY ELEMENTS (KOHA)
Koha item type Books
Holdings
Withdrawn status Lost status Damaged status Home library Current library Date acquired Full call number Accession Number Koha item type
      KAUAET   07/04/2012 696.6 17419 Books
free website counter